| 000 | 00554nam a22001937a 4500 | ||
|---|---|---|---|
| 005 | 20220726164820.0 | ||
| 008 | 220726b ||||| |||| 00| 0 eng d | ||
| 040 | _cAL | ||
| 041 | _aEglish | ||
| 082 |
_223 _a809 _bBHAS |
||
| 100 |
_aKamla Bhasin and others _953426 |
||
| 245 | _asome questions on Feminism and its Relevance in South Asia | ||
| 260 |
_aNew Delhi _bKali For Women _c1986 |
||
| 300 |
_a22 p. _bPB _c21x14 cm. |
||
| 650 |
_aFeminism _953427 |
||
| 700 |
_aBHASIN (Kamla) _953428 |
||
| 700 |
_aKHAN (Nighat Said) _953429 |
||
| 942 |
_2ddc _cGF |
||
| 999 |
_c224207 _d224207 |
||